Új Spa Menü tervezet bemutatása a Boscolo Budapest Hotelben

Bibliográfiai részletek
Szerző: Angyal Diána
További közreműködők: Schablik dr Vilmos
Dokumentumtípus: Projektmunka
Kulcsszavak:Boscolo Budapest Hotel
Spa menü
5-star Hotel
Online Access:http://dolgozattar.uni-bge.hu/12522

MARC

LEADER 00000nnm a2200000 i 4500
001 dolg12522
005 20170615124120.0
008 170615suuuu hu o 000 hun d
040 |a BGE Dolgozattár Repozitórium  |b hun 
041 |a hu 
100 1 |a Angyal Diána 
245 1 0 |a Új Spa Menü tervezet bemutatása a Boscolo Budapest Hotelben  |c Angyal Diána  |h [elektronikus dokumentum] 
246 1 1 |a Új Spa Menü tervezet bemutatása a Boscolo Budapest Hotelben 
516 |a Project_work 
695 |a Boscolo Budapest Hotel 
695 |a Spa menü 
695 |a 5-star Hotel 
700 1 |a Schablik dr Vilmos  |e ths 
856 4 0 |u http://dolgozattar.uni-bge.hu/12522/1/Projektmunka_angyal_diana.pdf  |z Dokumentum-elérés